El discurso de la naturaleza ecología y política en América Latina /

Guardado en:
書目詳細資料
主要作者: Mires, Fernando
格式: 未知
語言:Spanish
出版: San José, Costa Rica : Editorial Departamento Ecuménico de Investigaciones, DEI
叢編:colección ecología-teología
主題:
標簽: 添加標簽
沒有標簽, 成為第一個標記此記錄!

MARC

LEADER 00000 a2200000 04500
001 48405
003 cru CIDCACS/IIS
005 20190425102646.0
008 050612s1990 cr spa d
999 |c 15337  |d 15337 
020 |a 9977-83-034-7  
022 |a 9977-83-034-7  
040 |c cru CIDCACS/IIS 
090 |a 16.01.01 M674d 
100 |a Mires, Fernando  
245 |a El discurso de la naturaleza   |b ecología y política en América Latina /   |c Fernando Mires  
260 |a San José, Costa Rica :   |b Editorial Departamento Ecuménico de Investigaciones, DEI  
300 |a 157 páginas  
440 |a colección ecología-teología  
500 |a Colección Alforja  
650 |a ECOLOGIA  
650 |2 Macrothesauro de la OCDE/  
650 |a POLITICA AMBIENTAL  
650 |2 Macrothesauro de la OCDE/  
650 |a MARXISMO  
650 |2 Macrothesauro de la OCDE/  
650 |a POBLACION INDIGENA  
650 |2 Macrothesauro de la OCDE/  
650 |a CAPITALISMO  
650 |2 Macrothesauro de la OCDE/  
651 |a América Latina  
651 |a Brasil   |z -Amazonas  
942 |2 ddc  |c LI